000 00201 a2200097 4500
001 11048
100 _aJackson, R.
245 _aSouth Asian Cr
260 _a
_bChatto & Windus
_c
090 _c8613
_d8613
942 _aNUST-CAE
_cM
_c35393
999 _c246121
_d246121